000 01283namaa22003131i 4500
005 20260408120607.0
008 260128s1996 ua a|||frm||| 000 0 eng d
040 _aEG-GICUC
_beng
_cEG-GICUC
_dEG-GICUC
_erda
041 0 _aeng
_beng
_bara
049 _aDeposit
097 _aM.Sc
099 _aCai01.10.17.M.Sc.1996.Ge.S.
100 0 _aGehan Abd Alla Gafer,
_epreparation.
245 1 0 _aStudies On Bavine Rotavirus In Neweborn Calves /
_cBy Gehan Abd Alla Gafer; Under Supervision Of Prof.Dr. Mohamed Abdel-Hamid Shalaby, Dr. Ikram Abdel-Karim.
246 1 5 _aدراسات عن فيروس الروتا في العجول حديثة الولادة
264 0 _c1996.
300 _a93 Leaves :
_billustrations ;
_c30 cm. +
336 _2rda content
_atext
337 _2rdamedia
_aUnmediated
338 _2rdacarrier
_avolume
502 _aThesis (M.Sc.) -Cairo University, 1996.
504 _aBibliography: pages 68-93.
653 0 _aVirology
700 0 _aMohamed Abdel-Hamid Shalaby
_ethesis advisor.
700 0 _aIkram Abdel-Karim
_ethesis advisor.
900 _DDepartment of Virology
_FFaculty of Veterinary Medicine
_UCairo University
_b1996
_cMohamed Abdel-Hamid Shalaby
_cIkram Abdel-Karim
905 _aEman El gebaly
_eNourhan
942 _2ddc
_cTH
_e21
_n0
999 _c178079